Französisch Vokabeln Unité 3 V1 - Statistiken

Allgemein
  • Dieses Quiz wurde 56 mal gespielt
  • Das Durchschnittsergebnis liegt bei 16 aus 50
Antwortstatistiken
Deutsches Wort Französisches Wort % Korrekt
national national/e, nationaux
93%
afrikanisch africain/e
80%
der Kontinent le continent
68%
der/die Einwander'in l‘immigré/e
66%
bevölkert peuplé/e
66%
der Senegal le Sénégal
63%
der Kaffee le café
54%
die Ressourcen/Bodenschätze les ressources
54%
der Kakao le cacao
46%
Marokko le Maroc
46%
die Elfenbeinküste la Côte d'Ivoire
44%
Algerien l'Algérie
44%
die Olive l'olive
44%
Asien l'Asie
41%
die Mehrheit la majorité
39%
die Landwirtschaft l'agriculture
34%
die Wüste le désert
34%
das Öl l'huile
32%
die Baumwolle le coton
29%
das Gas le gaz
29%
die Herkunft,der Ursprung l'origine
29%
ein Viertel un quart
29%
die Hälfte la moitié
27%
die Milliarde le milliard
24%
spanisch l'espagnol
24%
drei Viertel trois quarts
24%
Arabisch l'arabe
22%
das Silber l'argent
22%
das Holz le bois
22%
das Phosphat le phosphate
22%
die Dattel la datte
20%
die Mango la mangue
20%
das Drittel le tiers
20%
subsaharisch subsaharien/ne
20%
ein Fünftel un cinquième
20%
ein Zehntel un dixième
20%
ein achtel un huitième
20%
ein drittel un tiers
20%
zwei drittel deux tiers
17%
die meisten (von) la plupart (de)
17%
das Schaf le mouton
17%
ein Sechstel un sixième
17%
das Erdöl le pétrole
15%
das Palmöl l'huile de palme
15%
berberisch le berbère
12%
die Zucht, die Aufzucht lélevage
10%
der Unterricht, das Schulwesen l'enseignement
10%
die Erdnuss l'arachide
7%
das Erdgas le gaz naturel
5%
der Kautschuk la caoutchouc
2%
Keine übereinstimmenden Quizze gefunden
Verteilung der Resultate
Anzahl Personen mit jedem Resultat
Perzentil nach korrekt beantworteten Fragen
Ihre Resultats-Entwicklung
Sie haben dieses Quiz noch nicht gespielt